000
00442nam a2200157Ia 4500
003
LDD
008
190117s9999 xx 000 0 und d
020
_c
₹70
040
_c
LDD
041
_a
hi
100
_a
मुद्राराक्षस
245
0
_a
प्रपंचतंत्र
_c
मुद्राराक्षस
260
_a
नई दिल्ली
_b
किताबघर
_c
1995
300
_a
144
942
_2
ddc
_c
H
999
_c
167161
_d
167161